Giống lúa Đồng bằng sông Cửu Long : Báo cáo chuyên đề (Hội thảo lần thứ V)

Đã lưu trong:
书目详细资料
格式: 图书
语言:Undetermined
出版: [Cần Thơ] [ Trường ĐH Cần Thơ] 2000
主题:
标签: 添加标签
没有标签, 成为第一个标记此记录!
Thư viện lưu trữ: Trung tâm Học liệu Trường Đại học Cần Thơ
LEADER 00530nam a2200169Ia 4500
001 CTU_122695
008 210402s9999 xx 000 0 und d
082 |a 633.18 
082 |b Gi455 
245 0 |a Giống lúa Đồng bằng sông Cửu Long : 
245 0 |b Báo cáo chuyên đề (Hội thảo lần thứ V) 
260 |a [Cần Thơ] 
260 |b [ Trường ĐH Cần Thơ] 
260 |c 2000 
650 |a Rice 
904 |i M.Loan 
980 |a Trung tâm Học liệu Trường Đại học Cần Thơ